| 000 | 00638nam a22001937a 4500 | ||
|---|---|---|---|
| 005 | 20100818151211.0 | ||
| 010 | _aENG-100864 | ||
| 020 | _c60.00 | ||
| 035 | _aEN-84397 | ||
| 037 | _bDBAD/PUB | ||
| 082 | _aN | ||
| 100 |
_aShanthi,D _914913 |
||
| 245 |
_aIdentity crises in Mulk Raj Anand 's novel coolie and untouchable / _cby D Shanthi |
||
| 260 |
_aPerambalur _bMercury Publishers _c2007 |
||
| 270 |
_aMercury Publishers _bPerambalur _e621212 |
||
| 300 |
_a80p _c19cm(pbk) |
||
| 942 |
_2ddc _cEN _hN _mSHA |
||
| 999 |
_c42465 _d42465 |
||